00686nam a22002057a 450000500170000001000150001702000260003203500140005803700090007208200110008110000320009224500760012426000460020027000510024630000260029750000790032370000370040294200220043999900190046120250908141655.0 aENG-146674 c270.00a9789390663026 aEN-130205 bDBAD a88121 aAnand, Jernail Singh984903 aThe Real Corporate/cJernail Singh Anand and edited by Brad Aron Modlin aHaryanabGlobal Fraternity of Poetsc2024 bHaryanaaH-23/16, DLF phase-1 Gurugrame122002 a110p.c21(pbk)bindex aAll that glitters is not gold/ Yet it is the glitter that is finally sold. aModlin, Brad AroneEditor984904 2ddccENh881mANA c213388d213388